Central Library OPAC University of Rajshahi

Teach yourself printing for pleasure / (Record no. 15267)

MARC details
000 -LEADER
fixed length control field 00615cam a2200217 a 4500
001 - CONTROL NUMBER
control field 15267
003 - CONTROL NUMBER IDENTIFIER
rucl marc code BD-RjUL
005 - DATE AND TIME OF LATEST TRANSACTION
control field 20211208235801.0
008 - FIXED-LENGTH DATA ELEMENTS--GENERAL INFORMATION
fixed length control field 140209s1957 enka 000 0 eng d
035 ## - SYSTEM CONTROL NUMBER
System control number (BD-RjUL)15321
040 ## - CATALOGING SOURCE
Original cataloging agency APLS
Language of cataloging eng
Transcribing agency APLS
Modifying agency VDU
-- BD-RjUL
041 ## - LANGUAGE CODE
Language code of text/sound track or separate title eng
082 04 - DEWEY DECIMAL CLASSIFICATION NUMBER
Classification number 686.2
Author mark and year RYT 1957
100 1# - MAIN ENTRY--PERSONAL NAME
Personal name Ryder, John,
Dates associated with a name 1917-2001
9 (RLIN) 47461
245 10 - TITLE STATEMENT
Title Teach yourself printing for pleasure /
Statement of responsibility, etc. John Ryder.
246 3# - VARYING FORM OF TITLE
Title proper/short title Printing for pleasure
260 ## - PUBLICATION, DISTRIBUTION, ETC. (IMPRINT)
Place of publication, distribution, etc. London :
Name of publisher, distributor, etc. English Universities Press,
Date of publication, distribution, etc. 1957.
300 ## - PHYSICAL DESCRIPTION
Pagination 142 p. :
Illustrations ill. ;
Size 1957.
650 #0 - SUBJECT ADDED ENTRY--TOPICAL TERM
Topical term or geographic name as entry element Printing.
9 (RLIN) 47462
942 ## - ADDED ENTRY ELEMENTS (KOHA)
Source of classification or shelving scheme Dewey Decimal Classification
Koha item type Books
Holdings
Lost status Source of classification or shelving scheme Damaged status Not for loan Collection code Permanent Location Current Location Shelving location Date acquired Source of acquisition Cost, normal purchase price Total Checkouts Full call number Date last seen Copy number Koha item type
  Dewey Decimal Classification   Not For Loan Non-fiction Central Library, University of Rajshahi Central Library, University of Rajshahi Reading Room 17/05/1967 Universal book agency 5.62   686.2 RYT 1957 09/02/2014 C-1 Books